| 000 | 00461cam a2200169ua 4500 | ||
|---|---|---|---|
| 020 |
_a81-259-0113-2 _c250.00 |
||
| 041 |
_aeng _h |
||
| 082 |
_a004 _bSAV/IN |
||
| 100 | _aSavitha, Balamurali . | ||
| 245 |
_aIntroduction to computer science / _cSavitha Balamurali. _hTextual Documents |
||
| 260 |
_aNew Delhi : _bVikas publishing house pvt ltd , _c1996. |
||
| 300 | _a214 ; . | ||
| 365 | _a250.00 | ||
| 504 | _a | ||
| 942 | _cBK | ||
| 999 |
_c9093 _d9093 |
||